000
00221nam a22000857a 4500
008
170617b xxu||||| |||| 00| 0 eng d
100
_9
3496
_a
Sen. S
245
_a
Globalization & Development
260
_a
New Delhi
_b
N. B. T
_c
2008
999
_c
6879
_d
6879